| 000 | 00460cam a2200181ua 4500 | ||
|---|---|---|---|
| 020 |
_a81-7808-274-8 _c299.00 |
||
| 041 |
_aeng _h |
||
| 082 |
_a697.93 _bDOS/PR |
||
| 100 | _aDossat, Roy J . | ||
| 245 |
_aPrinciples of refrigeration / _cRoy J Dossat. _hTextual Documents |
||
| 250 |
_a4 / _b. |
||
| 260 |
_aDelhi : _bPearson Education Asia , _c2004. |
||
| 300 | _a512 ; . | ||
| 365 | _a299.00 | ||
| 504 | _a | ||
| 942 | _cBK | ||
| 999 |
_c12269 _d12269 |
||